I CAN WIN (Record no. 134567)

MARC details
000 -LEADER
fixed length control field 00623nam a22002057a 4500
003 - CONTROL NUMBER IDENTIFIER
control field OSt
005 - DATE AND TIME OF LATEST TRANSACTION
control field 20220827050703.0
008 - FIXED-LENGTH DATA ELEMENTS--GENERAL INFORMATION
fixed length control field 220827b |||||||| |||| 00| 0 eng d
020 ## - INTERNATIONAL STANDARD BOOK NUMBER
International Standard Book Number 978-93-82628-08-8
040 ## - CATALOGING SOURCE
Transcribing agency SBCL
082 ## - DEWEY DECIMAL CLASSIFICATION NUMBER
Classification number 158.1
Item number KOT-I
100 ## - MAIN ENTRY--PERSONAL NAME
Personal name KOTTARAM,SEBIN S
-- KOTTARAM,JOBIN S
245 ## - TITLE STATEMENT
Title I CAN WIN
Remainder of title WAYS TO ACHIEVE MASSIVE SUCCESS IN PERSONAL AND PROFESSIONAL LIFE
250 ## - EDITION STATEMENT
Edition statement 15th
260 ## - PUBLICATION, DISTRIBUTION, ETC.
Place of publication, distribution, etc. KOTTAYAM
Name of publisher, distributor, etc. DOLPHIN BOOKS INDIA MEDIA GROUP
Date of publication, distribution, etc. 2018
300 ## - PHYSICAL DESCRIPTION
Extent 258p.
630 ## - SUBJECT ADDED ENTRY--UNIFORM TITLE
General subdivision GENERAL STACK
650 ## - SUBJECT ADDED ENTRY--TOPICAL TERM
Topical term or geographic name entry element APPLIED PSYCHOLOGY
942 ## - ADDED ENTRY ELEMENTS (KOHA)
Koha item type BOOK
650 ## - SUBJECT ADDED ENTRY--TOPICAL TERM
Source of heading or term PYCHOLOGY
Form subdivision PERSONAL IMPROVEMENT AND ANALYSIS
Holdings
Withdrawn status Lost status Source of classification or shelving scheme Damaged status Not for loan Home library Current library Date acquired Cost, normal purchase price Total Checkouts Full call number Barcode Shelving location Date last seen Date last checked out Price effective from Koha item type
    Dewey Decimal Classification     SB LIBRARY SB LIBRARY 27/08/2022 275.00 1 158.1 KOT-I 141977 GENERAL STACK 08/07/2025 24/06/2025 27/08/2022 BOOK

Powered by Koha